Au coeur des malaises enseignants (notice n° 1569481)

détails MARC
000 -LEADER
fixed length control field 01337cam a2200133 4500500
005 - DATE AND TIME OF LATEST TRANSACTION
control field 20251214010531.0
041 ## - LANGUAGE CODE
Language code of text/sound track or separate title fre
042 ## - AUTHENTICATION CODE
Authentication code dc
100 10 - MAIN ENTRY--PERSONAL NAME
Personal name Barrère, Anne
Relator term author
245 00 - TITLE STATEMENT
Title Au coeur des malaises enseignants
260 ## - PUBLICATION, DISTRIBUTION, ETC.
Name of publisher, distributor, etc. Armand Colin,<br/>
Date of publication, distribution, etc. 2017.<br/>
520 ## - SUMMARY, ETC.
Summary, etc. « Le » malaise enseignant n’existe pas. Mais face aux inégalités scolaires, aux transformations du métier, à l’accumulation de réformes, aux difficultés relationnelles dans les classes, ce sont « des  » malaises qui sont vécus par les enseignants de collège et lycée. Leurs trajectoires et expériences, bien que très différentes, sont unifiées par des défis communs. Ce livre entend les éclairer au plus près du travail réel, en proposant pour chacun d’entre eux, une analyse outillée par les sciences sociales. Relu et discuté par des enseignants, largement illustré par leurs témoignages, il propose de relire en termes collectifs des épreuves qui restent souvent vécues de manière individuelle, et parfois douloureusement solitaires. Au plus loin de toute prescription de «  bonnes pratiques  », il est écrit pour les enseignants et pour tous ceux qui s’intéressent à l’école.
856 41 - ELECTRONIC LOCATION AND ACCESS
Uniform Resource Identifier <a href="https://shs.cairn.info/au-coeur-des-malaises-enseignants--9782200617233?lang=fr&redirect-ssocas=7080">https://shs.cairn.info/au-coeur-des-malaises-enseignants--9782200617233?lang=fr&redirect-ssocas=7080</a>

Pas d'exemplaire disponible.

PLUDOC

PLUDOC est la plateforme unique et centralisée de gestion des bibliothèques physiques et numériques de Guinée administré par le CEDUST. Elle est la plus grande base de données de ressources documentaires pour les Étudiants, Enseignants chercheurs et Chercheurs de Guinée.

Adresse

627 919 101/664 919 101

25 boulevard du commerce
Kaloum, Conakry, Guinée

Réseaux sociaux

Powered by Netsen Group @ 2025